000 00380nam a2200145Ia 4500
008 230917s9999||||xx |||||||||||||| ||und||
040 _e64059
_aMAIN
041 _aEnglish
082 _a519.5 G643O
100 _aGoon, A M
245 0 _aOutline of statistical theory. V2: Statistical inference
260 _aCalcutta
_bWorld Press
_c1991
300 _axiv, 551 p.
942 _cBK
999 _c141837
_d141837